000 00246nam a22000857a 4500
008 160711b xxu||||| |||| 00| 0 eng d
100 _92549
_aArora S L
245 _aSimplified Physics class XI
_bVolume I
260 _aNew Delhi
_bDhanpad Publication
_c2012
999 _c2215
_d2215